| 000 | 00832nas a2200253 4500 | ||
|---|---|---|---|
| 001 | BR7905528 | ||
| 003 | BR-BrBNA | ||
| 005 | 20231205083932.0 | ||
| 007 | ta | ||
| 008 | 230509b bl.|||p| |||| 00| 00por d | ||
| 040 |
_aBR-BrBNA _bpor _cBiblioteca Nacional de Agricultura |
||
| 041 | _a(Pt) | ||
| 072 | _aM40 | ||
| 100 | 1 | _aAmaral, A.C.Z. | |
| 245 | 1 |
_aEcologia e contribuicao dos anelideos poliquetos para a biomassa bentica da zona das mares, no litoral do estado de Sao Paulo [Brasil] _bParte de tese |
|
| 650 | _aBiologia aquatica | ||
| 650 | _aNutricao | ||
| 650 | _aAnimal aquatico | ||
| 650 | _aZooplancton | ||
| 650 | _aSao Paulo | ||
| 773 | 0 |
_tBoletim do Instituto Oceanografico (Brazil) _xISSN 0373-5524 _g(1979), v. 28(1) p. 1-52 _wBR7905528 |
|
| 909 |
_a202311 _bLúcia _c55 _dLúcia Elande |
||
| 942 |
_2AGRIS _n0 _cANA |
||
| 999 |
_c102133 _d102133 |
||